| 000 | 01109nam a2200385 a 4500 | ||
|---|---|---|---|
| 003 | AR-BaBNM | ||
| 005 | 20251128205628.0 | ||
| 008 | 082120s2002 ||||||||||||||000 | spa|| | ||
| 020 | _a84-7112-158-1 | ||
| 040 | _cAR-BaBNM | ||
| 245 | 0 | 0 | _aAvances en psicología de la educación |
| 260 |
_aMadrid _bEdiciones Morata _c1975 |
||
| 300 |
_a247 p. _bil.,tablas,gráfs. |
||
| 500 | _aEl libro contiene referencias bibliográficas por capítulo | ||
| 500 | _aÍndice de materias | ||
| 504 | _aBibliografía sobre trabajos de Philip Vernon hasta 1971 | ||
| 504 | _aBibliografía adicional | ||
| 600 | 1 | 4 | _aVernon, Philip |
| 650 | 4 | _aPROCESO DE APRENDIZAJE | |
| 650 | 4 | _aAPTITUD | |
| 650 | 4 | _aCRECIMIENTO | |
| 650 | 4 | _aCREATIVIDAD | |
| 650 | 4 | _aPERSONALIDAD | |
| 650 | 4 | _aINTELIGENCIA | |
| 650 | 4 | _aVISION | |
| 650 | 4 | _aPSICOLOGIA | |
| 650 | 4 | _aEDUCACION | |
| 650 | 4 | _aDESARROLLO COGNOSCITIVO | |
| 650 | 4 | _aADOLESCENCIA | |
| 700 | 1 |
_aWall, W.D. _ecompilador |
|
| 700 | 1 |
_aVarma, V.P. _ecompilador |
|
| 700 | 1 |
_aEcheverría Rivera, Luis _etraductor |
|
| 942 | _cBK | ||
| 998 | _clenac | ||
| 999 |
_c12166 _d12166 |
||